Ethics, Integrity And Aptitude/ (Record no. 191191)
[ view plain ]
| 000 -LEADER | |
|---|---|
| fixed length control field | 00540nam a22001577a 4500 |
| 005 - DATE AND TIME OF LATEST TRANSACTION | |
| control field | 20220823141604.0 |
| 010 ## - LCCN (DPL NO) | |
| LC control number | Aastha Saxena |
| 020 ## - INTERNATIONAL STANDARD BOOK NUMBER | |
| International Standard Book Number | 9788193473467 |
| Terms of availability | 395.00 |
| 100 ## - MAIN ENTRY--PERSONAL NAME | |
| Personal name | Rajagopalan,R. |
| 245 ## - TITLE STATEMENT | |
| Title | Ethics, Integrity And Aptitude/ |
| Statement of responsibility, etc | R. Rajagopalan |
| 260 ## - PUBLICATION, DISTRIBUTION, ETC. (IMPRINT) | |
| Place of publication, distribution, etc | Gurugram |
| Name of publisher, distributor, etc | Oakbridge |
| Date of publication, distribution, etc | 2018 |
| 270 ## - ADDRESS | |
| Address | M35,1st Floor,old DLF |
| City | Gurugram |
| Postal code | 122002 |
| 300 ## - PHYSICAL DESCRIPTION | |
| Extent | xxv,404p. |
| Dimensions | 23cm.(pbk) |
| 500 ## - GENERAL NOTE | |
| General note | For civil services main examination<br/>Glossary(page379-383)<br/>Model Q and A(page 385-395)<br/>Index(page 397- 404) |
| 942 ## - ADDED ENTRY ELEMENTS (KOHA) | |
| Source of classification or shelving scheme | Dewey Decimal Classification |
| Item type | English Books |
| Call number suffix | RAJ |
No items available.
